[Event "Hamburg Harburg - ch Gr. J 6th"]
[Site "Hamburg"]
[Date "2008.07.20"]
[Round "5"]
[White "Kalauch, Lucas"]
[Black "Sakel, Nicolai"]
[Result "1-0"]
[WhiteElo "1132"]
[BlackElo "791"]
[PlyCount "63"]
[EventDate "2008.07.20"]
[EventType "tourn"]
[EventRounds "5"]
[EventCountry "GER"]
[SourceDate "2008.01.01"]

1. d4 d5 2. e3 Nf6 3. Nf3 Bg4 4. Bd3 e6 5. O-O c5 6. c3 c4 7. Bc2 Bd6 8. Nbd2
O-O 9. e4 e5 10. exd5 exd4 11. cxd4 Nxd5 12. Nxc4 Nc6 13. Nxd6 Qxd6 14. Bxh7+
Kxh7 15. Ng5+ Kg8 16. Qxg4 Qg6 17. f4 f5 18. Qf3 Rad8 19. Re1 Nxd4 20. Qd3 Nc6
21. Qc4 Kh8 22. Be3 Nxe3 23. Rxe3 Rd4 24. Rh3+ Qh6 25. Nf7+ Rxf7 26. Rxh6+ gxh6
27. Qxf7 Rxf4 28. Qf8+ Kh7 29. Rf1 Rxf1+ 30. Kxf1 Nd4 31. Qf7+ Kh8 32. Qf6+ 1-0

[Event "Hamburg Harburg - ch Gr. J 6th"]
[Site "Hamburg"]
[Date "2008.07.20"]
[Round "5"]
[White "Schloesser, Simon"]
[Black "Wollenweber, Lennart"]
[Result "1/2-1/2"]
[WhiteElo "937"]
[BlackElo "1102"]
[PlyCount "77"]
[EventDate "2008.07.20"]
[EventType "tourn"]
[EventRounds "5"]
[EventCountry "GER"]
[SourceDate "2008.01.01"]

1. d4 d5 2. Nc3 b6 3. Bf4 Bb7 4. Nf3 e6 5. e3 Bd6 6. Bxd6 Qxd6 7. Bb5+ Bc6 8.
Bxc6+ Nxc6 9. O-O Nf6 10. Re1 O-O 11. e4 dxe4 12. Nxe4 Nxe4 13. Rxe4 Rfe8 14.
Ne5 Nxe5 15. dxe5 Qxd1+ 16. Rxd1 Rad8 17. Rxd8 Rxd8 18. h3 f6 19. Kf1 Kf7 20.
exf6 gxf6 21. c3 h5 22. Rd4 Rxd4 23. cxd4 e5 24. dxe5 fxe5 25. g4 hxg4 26. hxg4
c5 27. Ke2 c4 28. b3 cxb3 29. axb3 b5 30. Ke3 a5 31. Kd3 a4 32. bxa4 bxa4 33.
Kc3 Kg6 34. Kb4 Kg5 35. Kxa4 Kxg4 36. Kb3 Kf3 37. Kc4 Kxf2 38. Kd5 e4 39. Kxe4
1/2-1/2